000 00327nam a22001337a 4500
020 _a978-1-85881-824-5
082 _a823
_bSIM/H
100 _aFRANCESCA SIMON
245 _aHORRID HENRY AND THE MUMMY'S CURSE
260 _aGREAT BRITIAN
_bORION
_c2000
300 _a96
650 _aCHILDRENS STORY BOOK
_zUNITED KINGDOM
942 _cBK
999 _c94
_d94